| 000 | 00671nam a2200241Ia 4500 | ||
|---|---|---|---|
| 003 | OSt | ||
| 005 | 20220925231734.0 | ||
| 006 | a|||||r|||| 00| 0 | ||
| 007 | ta | ||
| 008 | 220923b |||||||| |||| 00| 0 eng d | ||
| 037 | _cGeneral Book | ||
| 040 |
_aRTL _cRTL _beng |
||
| 041 |
_2eng _aeng |
||
| 082 | _aY72.2793.N9, N7 | ||
| 100 |
_aMate Langsun D _9296032 |
||
| 245 | 0 | _aMate tribe | |
| 260 |
_aManipur _bMAS _c1997 |
||
| 300 |
_ax, 78p Bibliography: P 76-77 _ccm. |
||
| 490 | _aMate Anthropological Society, Pub. | ||
| 650 | _aTribal Sociology | ||
| 942 |
_hY72.2793.N9, N7 _cGB _2CC |
||
| 999 |
_c589347 _d589347 |
||